000
00201 a2200097 4500
020
_a
9788499184234
041
_a
spa
100
_a
Rodrein Raquel
245
_a
La herencia de la rosa blanca
942
_c
BK
999
_c
9174
_d
9174